000 00930nam a2200253Ia 4500
999 _c55759
_d55759
003 GCL
005 20240530105416.0
008 140319s9999 xx 000 0 ara d
040 _aGCL /
_cGCL
082 0 4 _a956.903
_bم ف
100 1 _aمؤسسة الدراسات الفلسطينية
245 1 0 _aفلسطين تاريخها وقضيتها : المرحلة المتوسطة /
_cمؤسسة الدراسات الفلسطينية
260 _a[S.N] :
_bمؤسسة الدراسات الفلسطينية ،
_c1980
300 _a2 جزء
490 _aفلسطين : تاريخها قضية سلسلة كتب مدرسية
_v0
650 0 4 _aالنزاع العربى الاسرائيلى
650 0 4 _aالاطفال
650 0 4 _aفلسطين
650 0 4 _aالقضية الفلسطينية
650 0 4 _aقصص الاطفال
650 0 4 _aالصهيونية
650 0 4 _aالانتفاضة
942 _2ddc
_cBK